| 000 | 01636nam a2200397Ia 4500 | ||
|---|---|---|---|
| 001 | ebr10661789 | ||
| 003 | CaPaEBR | ||
| 006 | m u | ||
| 007 | cr cn||||||||| | ||
| 008 | 090317s2010 nyuab sb 001 0 eng d | ||
| 010 | _z 2009011431 | ||
| 020 | _z9781611225624 | ||
| 020 | _z9781607413486 (hardcover) | ||
| 020 | _z1607413485 (hardcover) | ||
| 040 |
_aCaPaEBR _cCaPaEBR |
||
| 035 | _a(OCoLC)669510651 | ||
| 050 | 1 | 4 |
_aJQ628.A58 _bN464 2010eb |
| 082 | 0 | 4 |
_a954.96 _222 |
| 245 | 0 | 0 |
_aNepal in the 21st century _h[electronic resource] / _cSurendra R. Devkota, editor ; [contributors, Keshav Bhattarai ... et al.]. |
| 246 | 3 | _aNepal in the twenty-first century | |
| 260 |
_aNew York : _bNova Science Publishers, _cc2010. |
||
| 300 |
_avi, 321 p. : _bill. (some col.), maps (some col.). |
||
| 490 | 1 | _aGlobal political studies series | |
| 504 | _aIncludes bibliographical references and index. | ||
| 533 |
_aElectronic reproduction. _bPalo Alto, Calif. : _cebrary, _d2013. _nAvailable via World Wide Web. _nAccess may be limited to ebrary affiliated libraries. |
||
| 650 | 0 |
_aEconomic development _zNepal. |
|
| 651 | 0 |
_aNepal _xPolitics and government _y21st century. |
|
| 651 | 0 |
_aNepal _xEconomic conditions _y21st century. |
|
| 651 | 0 |
_aNepal _xSocial conditions _y21st century. |
|
| 655 | 7 |
_aElectronic books. _2local |
|
| 700 | 1 | _aDevkota, Surendra R. | |
| 700 | 1 |
_aBhattarai, Keshav, _d1955- |
|
| 710 | 2 | _aebrary, Inc. | |
| 830 | 0 | _aGlobal political studies series. | |
| 856 | 4 | 0 |
_uhttp://site.ebrary.com/lib/rucke/Doc?id=10661789 _zAn electronic book accessible through the World Wide Web; click to view |
| 999 |
_c169861 _d169861 |
||